L'Electricité chez soi (Record no. 167502)

MARC details
000 -LEADER
campo de control de longitud fija 00964nam a2200229 i 4500
001 - NÚMERO DE CONTROL
campo de control 167502
003 - IDENTIFICADOR DE NÚMERO DE CONTROL
campo de control ES-MaACL
005 - FECHA Y HORA DE LA ÚLTIMA TRANSACCIÓN
campo de control 20250717070801.0
008 - DATOS DE LONGITUD FIJA--INFORMACIÓN GENERAL
campo de control de longitud fija 050926q18901900fr af | |||||||| ||fre d
040 ## - FUENTE DE CATALOGACIÓN
Centro catalogador/agencia de origen CAM
Lengua de catalogación spa
Centro/agencia transcriptor CAM
100 1# - ENTRADA PRINCIPAL--NOMBRE DE PERSONA
Nombre de persona Vignes, Cl.-Ed.
9 (RLIN) 133710
245 12 - MENCIÓN DEL TÍTULO
Título L'Electricité chez soi
Resto del título : exposé raisonné des applications domestiques de l'électricité, précédé d'un résumé des notions fundamentales de la science electrique actuelle /
Mención de responsabilidad, etc. Cl.-Ed. Vignes.
260 ## - PUBLICACIÓN, DISTRIBUCIÓN, ETC.
Lugar de publicación, distribución, etc. Paris :
Nombre del editor, distribuidor, etc. Ernest Flammarion, éditeur,
Fecha de publicación, distribución, etc. [s.a.]
300 ## - DESCRIPCIÓN FÍSICA
Extensión 267 p. :
Otras características físicas il. ;
Dimensiones 16 cm.
490 1# - MENCIÓN DE SERIE
Mención de serie Bibliothèque pour tous
596 ## - NOTA AL PIE DE IMPRENTA
NOTA AL PIE DE IMPRENTA Según la BN-Opale plus la serie se publica en la última década del S. XIX.
650 07 - PUNTO DE ACCESO ADICIONAL DE MATERIA--TÉRMINO DE MATERIA
Término de materia o nombre geográfico como elemento de entrada Electricidad
Fuente del encabezamiento o término embne
9 (RLIN) 12159
700 1# - ENTRADA AGREGADA--NOMBRE PERSONAL
Nombre de persona Flammarion, Ernest.
9 (RLIN) 127094
830 0# - PUNTO DE ACCESO ADICIONAL DE SERIE-TÍTULO UNIFORME
Título uniforme Bibliothèque pour tous
9 (RLIN) 222475
852 ## - LOCALIZACIÓN
Ubicación ES-MaACL
Número de control de estantería D-2964
Nota libre -- Enc. hol., conservando la cub. original
Holdings
Estatus retirado Estado de pérdida Estado de daño No para préstamo Biblioteca de origen Biblioteca actual Ubicación en estantería Fecha de adquisición Fuente de adquisición Total de préstamos Signatura topográfica completa Código de barras Visto por última vez Precio de reemplazo Tipo de ítem Koha
        Biblioteca del Ateneo de Madrid Biblioteca del Ateneo de Madrid Sala Valle Inclán 17/01/2008     D-2964 901175720 23/02/2023 23/02/2023 Libro impreso